• 首页
  • 本馆介绍
  • 公告通知
  • 最新文献
  • 馆藏检索
  • 电子资源
  • 读者导购
  • 参考咨询
  • 我的图书馆
  • 登录
  • 详细信息显示
  • 放入我的书架
  • 预约/预借图书
  • 作者相关作品
  • 分类相关作品
  • 丛书相关作品
  • 出版社相关作品

书目信息

  • 表格格式
  • 工作单格式
  • 卡片格式
题名:
新闻传播与中国社会发展
    
 
作者: ;复旦大学 编
分册:  
出版信息: 上海   复旦大学出版社有限公司  2018
页数: 359页
开本: 27cm
丛书名: 复旦大学新闻学院系列文丛
单 册:
中图分类: G210-53 , G210
科图分类:
主题词: 新闻学--传播学--文集
电子资源:
ISBN: 978-7-309-14064-4
000 01121nam0 2200277 450
001 2063985003
005 20210105114119.84
010    @a978-7-309-14064-4@dCNY65.00
100    @a20190402d2018 em y0chiy50 ea
101 0  @achi
102    @aCN@b310000
105    @aa z 000yy
200 1  @a新闻传播与中国社会发展@9xin wen chuan bo yu zhong guo she hui fa zhan@b专著@f复旦大学新闻学院编
210    @a上海@c复旦大学出版社有限公司@d2018
215    @a359页@c图@d27cm
225 1  @a复旦大学新闻学院系列文丛
300    @a复旦大学新闻学院双一流学科建设经费资助
312    @a封面英文题名:Journalism development social
330    @a本书是2018年度复旦大学新闻学院部分教师论文合集,按三大板块分类:新闻学、传播学、新闻史学。论文集中反映了社会变革时期新闻传播学所呈现的面貌和形态,深度探讨了互联网时代新闻传播学的特点和规律,提出了不少改进新闻传播学科研教学的思路和方案。
510 1  @aJournalism development social@zeng
606 0  @a新闻学@x传播学@j文集
690    @aG210-53@v5
690    @aG210@v4
711 02 @a复旦大学@9fu dan da xue@b新闻学院@4编
801  2 @aCN@b58marc.cn@c20190404
905    @aZUCC@dG210@e21
    
    新闻传播与中国社会发展/复旦大学新闻学院编.-上海:复旦大学出版社有限公司,2018
    359页:图;27cm.-(复旦大学新闻学院系列文丛)
    复旦大学新闻学院双一流学科建设经费资助
    
    ISBN 978-7-309-14064-4:CNY65.00
    本书是2018年度复旦大学新闻学院部分教师论文合集,按三大板块分类:新闻学、传播学、新闻史学。论文集中反映了社会变革时期新闻传播学所呈现的面貌和形态,深度探讨了互联网时代新闻传播学的特点和规律,提出了不少改进新闻传播学科研教学的思路和方案。
●
相关链接 在五车中查询图书 在当当中查询图书 在豆瓣中查询图书


正题名:新闻传播与中国社会发展     索取号:G210/21         预约/预借

序号 登录号 条形码 馆藏地/架位号 状态 备注
1 2000879174   2000879174   第二书库/ [索取号:G210/21] 在馆    
2 2000879175   2000879175   第二书库/ [索取号:G210/21] 在馆    
3 870933   2000870933   第二书库/ [索取号:G210/21] 在馆    
4 870934   2000870934   第二书库/ [索取号:G210/21] 在馆    
5 870935   2000870935   第二书库/ [索取号:G210/21] 在馆    
山东省滨州职业学院图书馆 欢迎您!
大连网信软件有限公司© 版权所有